Princ

Bibliographic Details
Main Author: Gregorová, Wanda (Author)
Format: Article
Language:Slovak
PhysicalDescription:Fotogr.
ISSN:1210-2040
Subjects:

MARC

LEADER 00000nab a2200000 a 4500
001 vtls000764515
003 SK-MaSNL
005 20260302153200.0
008 160321c2001 xo 0 slo
015 |a SNBRB2001/08-23255 
035 |a CLN000116302 
040 |a SNKBUCL  |b slo  |c SNKBUCL  |e AACR2 
041 0 |a slo 
044 |a xo  |c SK 
080 |a 32-051  |2 UDC-MRF-SK2 
080 |a 929 Habsburg, Otto von  |2 UDC-MRF-SK2 
100 1 |a Gregorová, Wanda  |4 aut  |9 844911 
245 1 0 |a Princ  |c Wanda Gregorová 
300 |b Fotogr. 
600 1 7 |a Habsburg, Otto von,  |d 1912-2011  |2 snkbucl  |9 17638 
655 7 |a články z novín a časopisov  |2 snkbucl  |9 267496 
773 0 |x 1210-2040  |t Plus 7 dní  |g Roč. 11, č. 29 (2001), s. 42-47 
850 |a Slovenská národná knižnica v Martine 
852 |a SNK  |b KIS3GCP 
958 |a AT 
958 |a BC 
958 |a RBX 
999 |c 1364672  |d 1366602